00728nam a22002057a 450000500170000001000150001702000260003203500140005803700130007208200130008524500710009826000370016927000610020630000400026750000200030770000240032794200270035199900190037895201250039720171114114352.0 aENG-121383 a9788178243603c545.00 aEN-104915 bDBAD/PUB a297.0954 aIslam in South Asia :cedited by Barbara D. Metcalfbin practice / aRanikhetbPermanent Black c2012 aHimalayana, Mall Road, Ranikhet Cantt,bRanikhete263645 axxvii,474p.:c22cm(pbk)bill.(maps) a Includes index a Metcalf,Barbara D. 2ddccENmISLh297.0954 c147400d147400 001040718NFICaDBADbBNd2017-11-14eDBAD/PUBg545.00l0o297.0954 ISLpEN-104915r2017-11-14 00:00:00t1v545.00yEN